000 02088nam a2200325 a 4500
001 000035659
003 DO-SdBNP
005 20260312135003.0
007 ta
008 111108e1998 dr fr 001 edspa d
040 _aDO-SdBNP
_bspa
_cBNPHU
082 4 _222
_bO74m
100 1 _aOrnes Coiscou, Germán E.,
_d1919-1998
_957814
245 1 3 _aEl monopolio y su situación legal en la República Dominicana. /
_cGermán E. Ornes C.; Edición, Rosa Gilda de Jualián, Amadeo Julián; pról., Pelegrín Castillo.
260 _aSanto Domingo :
_bBanreservas,
_c1998
300 _a174 p. ;
_c23 cm.
490 1 _aBanreservas
_aDerecho ;
_v2
500 _aEsta colección es un programa cultural de la Dirección de Relaciones Públicas de Difusión.
500 _aIncluye datos biográficos del autor en la solapas de las cubiertas.
501 _aCon: Ilustración de portada: Fragmento del Mural de Vela Zanetti ubicado en la oficina principal de la calle Iabel La Católica.
502 _aTesis para el doctorado, Universidad Autónoma de Santo Domingo
505 _aPresentación. /
_rDr. Roberto B. Saladín Selin. Administrador General del Banco de Reservas de la República Dominicana.
_tPrólogo. /
_rDr. Peregrin Castillo
505 _aIntroducción.
_rPrimera Parte.
_tCapítulo I. El Monopolio en la sociedad moderna.--
_tCapítulo II. Formas de establecer o prolongar los monopolios.--
_tCapítulo III. Organizaciones monopolistas y disposiciones legales sobre la materia.--
_gSegunda parte.
_tCapítulo IV. Los monopolios en la época colonial.--
_tCapítulo V. Noventa años de evolución de un principio constitucional.--
_tCapítulo VI. Influencia de ciertas leyes y concesiones en los monopolio.--
_tCapítulo VII. Estado actual de la cuestión.--
_tConclusiones.--
_tJurado de la tesis.--
_tLista de obras consultadas.
590 _aInventariado 2023 / MF
650 4 _936780
_aTesis y Disertaciones Académicas
_zRepública Dominicana
650 0 _aMonopolios
_983067
830 0 _aColección Banreservas.
_pDerecho ;
_n2
_961583
910 _aMFeliz
942 _2ddc
_cLBS1
999 _c35150
_d35150